| 000 | 01509nam a2200385 c 4500 | ||
|---|---|---|---|
| 001 | 59756 | ||
| 003 | CO-BoRNBP | ||
| 005 | 20251104215649.0 | ||
| 007 | ta | ||
| 008 | 210728r20192021ck a br 000 jdspa d | ||
| 020 | _a9789585444508 | ||
| 040 |
_aCO-BoRNBP _bspa _erda _cCO-BoRNBP |
||
| 041 | 0 | _aspa | |
| 043 | _as-ck--- | ||
| 084 | _aC | ||
| 100 |
_aJaramillo Morales, Alejandra _d1971- _eaut _965695 |
||
| 245 | 1 | 3 |
_aEl canto del manatí / _cAlejandra Jaramillo Morales ; ilustraciones de Elizabeth Builes. |
| 250 |
_aPrimera edición _bPrimera reimpresión, Segunda reimpresión, Tercera reimpresión, Sexta reimpresión |
||
| 264 | 1 |
_aBogotá, Colombia : _bDistribuidora y Editora Richmond, _c2018 |
|
| 300 |
_a67 páginas : _bilustraciones a color |
||
| 336 |
_atexto _btxt _2rdacontent |
||
| 337 |
_asin mediación _bn _2rdamedia |
||
| 338 |
_avolumen _bnc _2rdacarrier |
||
| 490 | _aNarrativa | ||
| 500 | _aEl material correspondiente a la dotación PNLB 2023, Tercera reimpresión 2022 | ||
| 521 | _aRecomendado para un público infantil mayor de 9 años | ||
| 545 | _aIncluye datos biográficos de la autora e ilustradora al final del texto | ||
| 650 | 0 | 7 |
_aAmistad _vCuentos _2LEMB _9728 |
| 650 | 0 | 7 |
_aCuentos indígenas colombianos _ySiglo XXI _2LEMB _965696 |
| 650 | 0 | 7 |
_aHermanos _vCuentos _2lemb _964583 |
| 650 | 0 | 4 |
_aLiteratura colombiana _ySiglo XXI _2LEMB _965 |
| 650 | 0 | 7 |
_aRíos _vCuentos _2lemb _966517 |
| 700 |
_aBuiles Carmona, Elizabeth, _d1987- _eill _965640 |
||
| 942 |
_2loc _cBKLITI |
||
| 999 |
_c59756 _d59756 |
||